000 01064nam a2200289 i 4500
001 93405
003 ES-MaACL
005 20250624062855.0
007 t|
008 050526s1961 sp ||||1| spa d
080 _a75 Hartung, Hans (083.82)
100 1 _aHartung, Hans.
_962004
245 1 0 _aHartung
_b: [exposición, Sala de Santa Catalina del Ateneo de Madrid, 6-24 de abril de 1961] /
_c[texto, José Vergara].
260 _aMadrid :
_bEditora Nacional,
_c[1961]
300 _a[40] p. :
_bprincipalmente il. n. ;
_c21 cm.
490 1 _aCuadernos de arte. Colección ordinaria ;
_v77
600 1 4 _aHartung, Hans-
_vExposiciones.
_962005
610 2 4 _aAteneo de Madrid-
_vExposiciones-
_y1960-1969.
_91920
655 7 _2tgfbne
_9193628
_aCatálogos de exposiciones
700 1 _aVergara, José.
_9114083
710 2 _aAteneo de Madrid.
_bSala de Santa Catalina.
_91964
830 1 _aCuadernos de arte. Colección ordinaria
_v77
_9180064
852 _aES-MaACL
_j2191-F-22
852 _aES-MaACL
_jG-13297(8)
942 _2udc
999 _c93405
_d93405